00305nam a2200121Ia 4500008004100000020001500041041001200056100001600068245004000084260003700124300000800161650001400169221030s9999 xx 000 0 und d a0706987492 aEnglish aS. B. Malik 0aBasic Number Theorycby S. B. Malik bVikas Pub HouseaNew Delhic2013 a212 aComputers